| 000 | 00505nam a2200193Ia 4500 | ||
|---|---|---|---|
| 005 | 20140407094204.0 | ||
| 008 | 140130s9999 xx 000 0 und d | ||
| 020 | _a9780439045957 | ||
| 050 |
_aTT 921 _b.C36 1999 |
||
| 100 |
_aChanko, Pamela. _930991 |
||
| 245 |
_cPamela Chanko. _aClay Art with Gloria Elliott / |
||
| 260 |
_bScholastic Inc, _c1999. _aUSA : |
||
| 300 |
_a12 p. : _bill. col. ; _c18 cm. |
||
| 440 |
_v1 _930992 |
||
| 521 | _aBR | ||
| 526 | _cBR | ||
| 942 |
_cBK _2lcc |
||
| 999 |
_c41467 _d41467 |
||